| 000 | 00365nam a2200157Ia 4500 | ||
|---|---|---|---|
| 008 | 230711s9999||||xx |||||||||||||| ||und|| | ||
| 041 | _aENG | ||
| 082 |
_a720 _bSU-I |
||
| 100 | _aSunset Books ed | ||
| 245 | 0 | _aIdea for great : bathroom | |
| 250 | _a1st Ed. | ||
| 260 |
_c1999 _aCarifornia _bSunset Books |
||
| 300 | _a112 | ||
| 650 | _aArchitecture | ||
| 942 | _cBK | ||
| 999 |
_c4942 _d4942 |
||